| 000 | 00715nam a22002534a 4500 | ||
|---|---|---|---|
| 003 | UPN | ||
| 005 | 20240529063622.0 | ||
| 008 | 090204s1998 es gr 000 f spa d | ||
| 020 | _a8426130925 | ||
| 035 | _aUPN01000168768 | ||
| 040 |
_aUPN _bspa _cUPN |
||
| 049 | _aCG | ||
| 050 | 4 |
_aPQ2472 A2 _bP4.7 |
|
| 100 | 1 |
_aLoti, Pierre, _d1850-1923 _930142 |
|
| 245 | 1 | 0 |
_aPescador de Islandia / _cPierre Loti ; traducción de Marga Latorre. |
| 260 |
_aBarcelona, Esp. : _bJuventud, _c1998. |
||
| 300 | _a198 p. | ||
| 490 | _aNostromo | ||
| 534 |
_aTÃtulo original: _bPecheur d'Islande |
||
| 650 | 4 |
_aNovela francesa _98238 |
|
| 650 | 0 |
_aMar, El, En la literatura _95071 |
|
| 905 | _aLibro | ||
| 942 |
_2lcc _cLIBRO |
||
| 999 |
_c140874 _d140874 |
||